000 00844caa a22002417a 4500
999 _c408680
_d408680
001 135333
003 UA-OsUOA
005 20200213092053.0
007 ta
008 20190118b un ||||| |||| 00| 0 ukr d
040 _aUA-OsUOA
_bukr
_cUA-OsUOA
_dUA-OsUOA
041 _aukr
080 _a908
090 _a908
_bЯ47
100 _aЯковенко Н.
245 _aЩо за війну описує Шимон Пекалід у поемі "De bello Ostrogiano" (1600 рік)
_cН. Яковенко
300 _aС. 172–191
650 7 _a908 Краєзнавство
_2UDC
773 0 _0329944
_9353822
_dОстрог ІІКМ 2006
_o102558
_tМетафора спільного дому
_w(UA-OsUOA) 43826
_z966-7631-89-3
942 _cBKA
_2udc
955 _a1